|
|
|
|
| LEADER |
00000nkmaa2200000 a 4500 |
| 001 |
vtls011544786 |
| 003 |
SK-MaSNL |
| 005 |
20260331211020.0 |
| 007 |
kh bo |
| 008 |
230802e1980 xo | |||0 k|slo |
| 035 |
|
|
|a urn:nbn:sk:snk-km00cps2
|
| 035 |
|
|
|a urn:nbn:sk:snk-km3lr3j
|
| 035 |
|
|
|a 2F5A3979-51D8-4074-AB9C-12D930781999
|
| 040 |
|
|
|a SNKLA
|b slo
|c SNKLA
|e AACR2
|
| 041 |
0 |
|
|a slo
|
| 044 |
|
|
|a xo
|c SK
|
| 100 |
1 |
|
|a Lašut, Filip,
|d 1945-2012
|4 pht
|9 151668
|
| 245 |
1 |
0 |
|a [Slávnosť 165. výročia narodenia Ľudovíta Štúra v Uhrovci]
|h grafika
|
| 260 |
|
|
|a [S.l.
|b s.n.]
|c 1980
|
| 300 |
|
|
|a 1 fotografia
|b čb
|c 13 x 19 cm
|
| 520 |
2 |
|
|a Zobrazenie: Otvorenie novej expozície v rodnom dome Ľ. Štúra v Uhrovci pri príležitosti 165. výročia narodenia, Uhrovec, 29.10.1980. Na obr.: pohľad na účastníkov slávnosti, v pozadí Štefan Krivuš počas prejavu.
|
| 600 |
1 |
7 |
|a Štúr, Ľudovít,
|d 1815-1856
|2 SNKMA
|9 92872
|
| 600 |
1 |
7 |
|a Krivuš, Štefan,
|d 1925-2011
|2 SNKMA
|9 196141
|
| 611 |
2 |
7 |
|a slávnosť 165. výročia narodenia Ľudovíta Štúra
|d 1980
|c Uhrovec, Slovensko
|9 341393
|
| 650 |
0 |
7 |
|a semináre
|2 SNKPH
|9 18562
|
| 651 |
|
7 |
|a Uhrovec (Slovensko)
|2 SNKPH
|9 29315
|
| 655 |
|
7 |
|a fotografie
|2 SNKPH
|9 70713
|
| 852 |
7 |
|
|a Slovenská národná knižnica
|b Literárny archív
|
| 958 |
|
|
|a ZO
|
| 958 |
|
|
|a BLA
|
| 999 |
|
|
|c 1202001
|d 1203931
|
| 952 |
|
|
|a SNKLA
|b SNKLA
|c SNKLA_DEP
|y NEVYP
|7 0
|p 17A1008051
|o snkK 19/318
|i snkLA 1078/1981
|0 0
|1 0
|4 0
|d 2016-04-12
|f 1
|l 0
|r 2026-02-24 22:45:41
|w 2026-02-24
|